| 000 | 00902nam a2200265Ia 4500 | ||
|---|---|---|---|
| 003 | OSt | ||
| 005 | 20220930072532.0 | ||
| 006 | a|||||r|||| 00| 0 | ||
| 007 | ta | ||
| 008 | 220926b |||||||| |||| 00| 0 ger d | ||
| 024 | _a24536 | ||
| 037 | _cTheses | ||
| 040 |
_aCRL _cCRL _bger |
||
| 041 |
_2ger _ager |
||
| 100 |
_aJamwal Rupi _9529973 |
||
| 110 | _aUniversity of Delhi. Faculty of Medical Sciences. Department of Radio-diagnosis | ||
| 245 | 0 | _aImaging features of obstructive jaundice and its correlation with endoscopic retrograde cholangio pancreatography | |
| 260 | _c1997 | ||
| 300 |
_a78p. _ap. _ccm. |
||
| 650 |
_aDIAGNOSIS _9519345 |
||
| 700 |
_a Lt Col M G K Murthy Supervisor _9529974 |
||
| 700 | _aUniversity of Delhi. Faculty of Medical Sciences. Department of Radio-diagnosis | ||
| 942 |
_cDIS _2CC |
||
| 999 |
_c864011 _d864011 |
||